Miasta w woj. podlaskim - nagła śmierć - Statystyki

Ogólne statystyki
  • Ten quiz został rozwiązany 98 razy
  • Średni wynik to 13 z 24
Answers on the Grid
Answers color-coded by a green-red scale on the quiz's grid according to % correct below.
Białystok
Łomża
Suwałki
Sejny
Augustów
Mońki
Suchowola
Sokółka
Kolno
Zambrów
Wysokie Mazowieckie
Siemiatycze
Drohiczyn
Bielsk Podlaski
Hajnówka
Supraśl
Grajewo
Łapy
Dąbrowa Białostocka
Choroszcz
Wasilków
Czarna Białostocka
Tykocin
Brańsk
Gołdap
Olecko
Ełk
Pisz
Sokołów Podlaski
Węgrów
Biała Podlaska
Janów Podlaski
Łosice
Terespol
Ostrołęka
Ostrów Mazowiecka
 
Statystyki odpowiedzi
Odpowiedź % Poprawnych
Białystok
71%
Łomża
67%
Augustów
65%
Suwałki
65%
Sokółka
63%
Hajnówka
59%
Sejny
59%
Mońki
57%
Bielsk Podlaski
55%
Choroszcz
51%
Dąbrowa Białostocka
51%
Siemiatycze
51%
Zambrów
51%
Supraśl
49%
Tykocin
49%
Wasilków
49%
Czarna Białostocka
47%
Łapy
47%
Wysokie Mazowieckie
47%
Drohiczyn
45%
Kolno
45%
Brańsk
41%
Grajewo
41%
Suchowola
41%
Nie znaleziono quizów pasujących do podanych kryteriów
Rozkład punktacji
Procent ludzi z każdym wynikiem
Percentyl według liczby udzielonych odpowiedzi
Twoja historia wyników
Nie rozwiązałeś tego quizu